00565cam a22002171i 4500001001300000003000400013005001700017008004100034010001700075035001900092040001800111042001200129050003200141100002600173245004900199260003600248300001700284650000900301650002000310999001700330sa 65001016 DLC20260227112107.0830412s1963 io e 000 0 ind  asa 65001016  a(OCoLC)9402383 aDLCcOAUdDLC apremarc00aLAW 1 aSalayan, Abdul Wahid.10aEnsiklopedia hukum /csususan A. W. Salayan. aPadang :bMimbarc[cover 1963]- av. ;c20 cm. 0aLaw. 0aLawzIndonesia. c61873d61873